| 000 | 00634nam a2200241Ia 4500 | ||
|---|---|---|---|
| 003 | OSt | ||
| 005 | 20221007111534.0 | ||
| 006 | a|||||r|||| 00| 0 | ||
| 007 | ta | ||
| 008 | 221006b |||||||| |||| 00| 0 eng d | ||
| 024 | _a23,777 | ||
| 037 | _cTextual | ||
| 040 |
_aLCO _cLCO _beng |
||
| 041 |
_2eng _aeng |
||
| 082 | _aX7292qM99:g, K5 | ||
| 100 |
_aRow S. _9700756 |
||
| 245 | 0 | _aIndian Stamp Act | |
| 260 |
_aAllahabad _bLaw Book Company India _c1965 |
||
| 650 | _aSTAMP ACT | ||
| 700 |
_a Gupta C.L. _9682714 |
||
| 942 |
_hX7292qM99:g, K5 _cTEXL |
||
| 999 |
_c1193340 _d1193340 |
||